[Event "Barquisimeto Fide Arbiter"]
[Site "Barquisimeto"]
[Date "2020.02.09"]
[Round "6.1"]
[White "Medina Turbay, Luis Fernando"]
[Black "Barrera Mendoza, Emilio Antonio"]
[Result "1-0"]
[WhiteElo "1714"]
[BlackElo "1510"]
[PlyCount "131"]
[EventDate "2020.02.07"]
[EventType "schev"]
[EventRounds "7"]
[EventCountry "VEN"]
[SourceTitle "EXT 2021"]
[Source "ChessBase"]
[SourceDate "2020.10.23"]
[SourceVersion "1"]
[SourceVersionDate "2020.10.23"]
[SourceQuality "1"]
[WhiteTeam "Orianita Aponte Academia"]
[BlackTeam "Robert Fischer CC"]
[WhiteTeamCountry "VEN"]
[BlackTeamCountry "VEN"]

1. e4 e5 2. Nf3 Nc6 3. Bc4 Be7 4. d3 d6 5. Nbd2 Na5 6. Bb3 Nxb3 7. axb3 Nf6 8. Nf1 0-0 9. Ng3 Re8 10. 0-0 Bf8 11. Re1 g6 12. c3 Bg7 13. d4 b6 14. h3 exd4 15. cxd4 Bb7 16. Qc2 d5 17. e5 Ne4 18. Be3 f5 19. Nxe4 dxe4 20. Nh2 a6 21. Red1 Rc8 22. Rac1 Qh4 23. Qd2 h6 24. Nf1 g5 25. Qe2 f4 26. Kh2 f3 27. Qc4+ Kh8 28. g3 Qh5 29. g4 Qg6 30. Ng3 c5 31. dxc5 Bxe5 32. Bd4 Qg7 33. Bxe5 Rxe5 34. Qd4 Rexc5 35. Qxg7+ Kxg7 36. Rxc5 Rxc5 37. Rd7+ Kf6 38. Rxb7 Rc2 39. Rxb6+ Ke5 40. Kg1 e3 41. fxe3 Rg2+ 42. Kf1 Rxg3 43. Kf2 Rxh3 44. Rxa6 Ke4 45. Re6+ Kd3 46. Re5 Kd2 47. b4 Rh2+ 48. Kxf3 Ke1 49. b5 Rf2+ 50. Ke4 Rxb2 51. Kf5 Ke2 52. Kg6 Kf3 53. Kxh6 Kxg4 54. Rxg5+ Kf3 55. Re5 Rg2 56. b6 Rg4 57. b7 Rb4 58. Re7 Kg4 59. e4 Rb6+ 60. Kg7 Kg5 61. e5 Kf5 62. Kf7 Ke4 63. Ke8 Kd5 64. Kd8 Kc5 65. Rc7+ Kd5 66. Kc8 1-0

[Event "Barquisimeto Fide Arbiter"]
[Site "Barquisimeto"]
[Date "2020.02.08"]
[Round "4.1"]
[White "Medina Turbay, Luis Fernando"]
[Black "Matute Escobar, Roxanny"]
[Result "0-1"]
[WhiteElo "1714"]
[BlackElo "1901"]
[PlyCount "80"]
[EventDate "2020.02.07"]
[EventType "schev"]
[EventRounds "7"]
[EventCountry "VEN"]
[SourceTitle "EXT 2021"]
[Source "ChessBase"]
[SourceDate "2020.10.23"]
[SourceVersion "1"]
[SourceVersionDate "2020.10.23"]
[SourceQuality "1"]
[WhiteTeam "Orianita Aponte Academia"]
[BlackTeam "Robert Fischer CC"]
[WhiteTeamCountry "VEN"]
[BlackTeamCountry "VEN"]

1. e4 c5 2. Nf3 d6 3. d4 cxd4 4. Nxd4 Nf6 5. Nc3 g6 6. Be3 Bg7 7. Bc4 0-0 8. f3 Nc6 9. Qd2 Bd7 10. Bb3 Rc8 11. 0-0-0 Nxd4 12. Bxd4 b5 13. Nd5 Nxd5 14. Bxg7 Kxg7 15. exd5 a5 16. a3 Bf5 17. g4 a4 18. Bxa4 bxa4 19. Qd4+ Kg8 20. gxf5 Qd7 21. f6 exf6 22. Qxf6 Rc5 23. h4 Qb5 24. h5 Qb3 25. Rh2 Rfc8 26. Kb1 Rxc2 27. h6 Rxb2+ 28. Rxb2 Qxd1+ 29. Ka2 Qxd5+ 30. Kb1 Qd3+ 31. Ka2 Qc4+ 32. Ka1 Qc1+ 33. Ka2 Qxh6 34. Qxd6 Qe3 35. Rb8 Qe2+ 36. Ka1 Qf1+ 37. Kb2 Qc1+ 38. Ka2 Qc2+ 39. Ka1 Qc3+ 40. Ka2 Rxb8 0-1

[Event "Barquisimeto Fide Arbiter"]
[Site "Barquisimeto"]
[Date "2020.02.08"]
[Round "5.1"]
[White "Suarez Sierralta, Jesus Raul"]
[Black "Medina Turbay, Luis Fernando"]
[Result "1-0"]
[WhiteElo "2014"]
[BlackElo "1714"]
[PlyCount "47"]
[EventDate "2020.02.07"]
[EventType "schev"]
[EventRounds "7"]
[EventCountry "VEN"]
[SourceTitle "EXT 2021"]
[Source "ChessBase"]
[SourceDate "2020.10.23"]
[SourceVersion "1"]
[SourceVersionDate "2020.10.23"]
[SourceQuality "1"]
[WhiteTeam "Robert Fischer CC"]
[BlackTeam "Orianita Aponte Academia"]
[WhiteTeamCountry "VEN"]
[BlackTeamCountry "VEN"]

1. Nf3 Nf6 2. g3 g6 3. Bg2 Bg7 4. 0-0 0-0 5. c4 c5 6. Nc3 Nc6 7. d4 d6 8. d5 Nb8 9. Bf4 Nbd7 10. Qd2 Qc7 11. e4 e6 12. a4 b6 13. Rfe1 Ne5 14. Nxe5 Nxd5 15. Bg5 Ne7 16. b3 Nc6 17. Be3 Bd7 18. Ra2 f6 19. Rea1 a5 20. Re1 Rf7 21. f4 Raf8 22. f5 gxf5 23. Raa1 Qc8 24. Rf1 1-0

[Event "Barquisimeto Fide Arbiter"]
[Site "Barquisimeto"]
[Date "2020.02.07"]
[Round "2.1"]
[White "Medina Turbay, Luis Fernando"]
[Black "Romero Marino, Samuel David"]
[Result "1/2-1/2"]
[WhiteElo "1714"]
[BlackElo "1811"]
[PlyCount "109"]
[EventDate "2020.02.07"]
[EventType "schev"]
[EventRounds "7"]
[EventCountry "VEN"]
[SourceTitle "EXT 2021"]
[Source "ChessBase"]
[SourceDate "2020.10.23"]
[SourceVersion "1"]
[SourceVersionDate "2020.10.23"]
[SourceQuality "1"]
[WhiteTeam "Orianita Aponte Academia"]
[BlackTeam "Robert Fischer CC"]
[WhiteTeamCountry "VEN"]
[BlackTeamCountry "VEN"]

1. e4 c5 2. Nf3 d6 3. d4 cxd4 4. Nxd4 Nf6 5. Nc3 a6 6. Be3 Ng4 7. Bg5 h6 8. Bh4 g5 9. Bg3 Bg7 10. Be2 h5 11. h3 h4 12. hxg4 hxg3 13. Rxh8+ Bxh8 14. fxg3 Be5 15. Qd3 Nc6 16. Nxc6 bxc6 17. 0-0-0 Qa5 18. Rh1 Be6 19. Rh5 Bf6 20. Bf3 Kd7 21. Qe3 Bxa2 22. e5 Bxe5 23. Nxa2 Qxa2 24. Qb6 Rg8 25. Qxc6+ Ke6 26. Rh6+ f6 27. Qb7 Rg7 28. Rh8 Qa1+ 29. Kd2 Qa5+ 30. Kd1 Qc5 31. Be4 Bxg3 32. Bf5+ Kf7 33. Qb3+ d5 34. Qxg3 Qd4+ 35. Ke2 Qxb2 36. Qh3 Qe5+ 37. Kd3 e6 38. Qh5+ Ke7 39. Qe8+ Kd6 40. Qd8+ Kc6 41. Qa8+ Kb6 42. Rb8+ Ka5 43. Rb3 exf5 44. Qc6 Qe4+ 45. Kd2 Qf4+ 46. Re3 Rc7 47. Qxd5+ Kb6 48. gxf5 Qf2+ 49. Re2 Rxc2+ 50. Kxc2 Qxe2+ 51. Kc1 Qb5 52. Qd8+ Ka7 53. Qxf6 Qf1+ 54. Kc2 Qxg2+ 55. Kd3 1/2-1/2

[Event "Pan American-ch U12"]
[Site "San Jose"]
[Date "2017.07.02"]
[Round "2"]
[White "Trakru, Rohun"]
[Black "Medina Turbay, Luis Fernando"]
[Result "1-0"]
[WhiteElo "1758"]
[BlackElo "1482"]
[PlyCount "68"]
[EventDate "2017.07.01"]
[EventType "swiss"]
[EventRounds "9"]
[EventCountry "CRI"]
[SourceTitle "EXT 2022"]
[Source "ChessBase"]
[SourceDate "2021.10.06"]
[SourceVersion "1"]
[SourceVersionDate "2021.10.06"]
[SourceQuality "1"]

1. d4 Nf6 2. c4 c5 3. d5 e6 4. Nc3 exd5 5. cxd5 d6 6. g3 g6 7. Bg2 Bg7 8. Nf3 0-0 9. 0-0 Re8 10. Re1 Nbd7 11. a4 b6 12. Bf4 Ne5 13. Nxe5 dxe5 14. Bd2 Bb7 15. e4 Nd7 16. Qb3 Rc8 17. Nb5 c4 18. Qc2 Nc5 19. Nxa7 Ra8 20. Nb5 Nb3 21. Qxc4 Nxd2 22. Qd3 Bh6 23. f4 Nxe4 24. Qxe4 exf4 25. Qxe8+ Qxe8 26. Rxe8+ Rxe8 27. Nd6 Rb8 28. Nxb7 Rxb7 29. b4 fxg3 30. hxg3 Bd2 31. b5 Bb4 32. Ra2 Kf8 33. Kf1 Ke7 34. d6+ Kxd6 1-0